000 00791nam a2200229Ia 4500
005 20220920105259.0
008 210716s2010 xx 000 0 und d
020 _a9780070527997
040 _cAIMIT LIBRARY
041 _aeng
082 _a621.38215
_21
_bKASS
100 _aKasera, Sumit.
_957962
245 _a3G networks :
_barchitecture protocols and procedures /
_cBy Sumit Kasera and Nishit Narang.
250 _a1st ed.
260 _aNew Delhi :
_bTata McGraw Hill Publishing Company Ltd ,
_c2010.
300 _axxviii, 570p. ;
_c24 cm.
650 _aIntroduction and background
_957963
650 _aUMTS network architecture and protocols
_957964
650 _aProcedures in UMTS network
_957965
700 _aNarang, Nishit.
_957966
942 _2ddc
_cBK
_e1st
_k621.38215 KASS
999 _c190749
_d190749